000 02063nam0a2200421 4500
001 RU\NLR\bibl\120264
005 20260407012900.0
010 _a5-89790-068-X
_95000
021 _aRU
_b2000-31112
_91460
035 _a(NLR Aleph) 000117775
090 _a669878
_c669878
100 _a20001012d2000 |||y0rusy50 ca
101 0 _arus
102 _aRU
105 _aa |||||||||
200 1 _aГеография
_e9 кл.
_eСб. тестовых заданий для темат. контроля
_fЛаб. аттестац. технологий. Моск. ин-т повышения квалификации работников образования
_g[А. И. Савельев и др.]
210 _aМ.
_cИнтеллект-центр
_d2000
215 _a32 с.
_cил.
_d21
606 0 _aГеография
_jРуководства, пособия и т.п.
_91002053
_3RU\NLR\auth\6662461
606 0 _aГеография
_jУчебные издания для средней школы
_91002053
_3RU\NLR\auth\6662461
606 0 _aГеография
_xЗнания
_xОценка
_xТесты
_9937267
_3RU\NLR\auth\66346182
610 0 _aРоссийская Федерация - География - Успеваемость учащихся
610 0 _aГеография - успеваемость учащихся - проверка
610 0 _aТесты
675 _a373.167.1:911.3(470)+911.3(470)(075.8)
_v3
_zrus
686 _a14.25
_2rugasnti
686 _a65.049(2Рос)я721
_2rubbk
686 _aД8я721
686 _aЧ426.43-284
702 1 _aСавельев
_bА. И.
_4220
712 0 2 _4570
_aМосковский институт повышения квалификации работников образования
_bЛаборатория аттестационных технологий
_3RU\NLR\AUTH\8810000797
_9498766
801 0 _aRU
_bRKP
_c20001012
_gPSBO
801 1 _aRU
_bRKP
_c20001012
801 2 _aRU
_bNLR
_c20001208
_grcr
852 _aNLR
_j2000-4/7291
942 _cBOOK
980 _aNB